000
00318 a2200157 4500
001
44657
020
_a
040
_c
Anchieta - Aquarius
100
_a
Gouveia, Luis Augusto
240
1
0
_a
Dureza
_l
por
245
1
0
_a
Dureza
300
_a
32
362
0
_a
2001
650
4
_a
Literatura infanto-juvenil
942
_c
BK
999
_c
44657
_d
44657